|
|
|
|
| LEADER |
00000nam0a2200000 4500 |
| 001 |
300159 |
| 005 |
20231102001256.0 |
| 035 |
|
|
|a (RuTPU)RU\TPU\book\325312
|
| 090 |
|
|
|a 300159
|
| 100 |
|
|
|a 20150707d1981 km y0rusy50 ca
|
| 101 |
0 |
|
|a rus
|
| 102 |
|
|
|a RU
|
| 105 |
|
|
|a a z 001zy
|
| 200 |
1 |
|
|a Получение деталей авиационной техники методами пластической деформации металлов
|f Куйбышевский авиационный институт им. С. П. Королева ; под ред. Ф. И. Китаева
|
| 210 |
|
|
|a Куйбышев
|c Изд-во Куйбышевского авиационного ин-та
|d 1981
|
| 215 |
|
|
|a 162 с.
|c ил.
|
| 225 |
1 |
|
|a Межвузовский сборник
|v Вып. 2
|
| 320 |
|
|
|a Библиогр. в конце ст.
|
| 606 |
1 |
|
|a Авиационные детали
|x Обработка
|2 stltpush
|3 (RuTPU)RU\TPU\subj\366
|9 29317
|
| 610 |
1 |
|
|a получение
|
| 610 |
1 |
|
|a авиационные двигатели
|
| 610 |
1 |
|
|a пластическая деформация
|
| 610 |
1 |
|
|a металлы
|
| 610 |
1 |
|
|a трубчатые детали
|
| 610 |
1 |
|
|a заготовки
|
| 610 |
1 |
|
|a профильные заготовки
|
| 610 |
1 |
|
|a штамповка
|
| 610 |
1 |
|
|a динамические нагрузки
|
| 610 |
1 |
|
|a новые конструкционные материалы
|
| 675 |
|
|
|a 629.78-2
|v 4
|
| 702 |
|
1 |
|a Китаев
|b Ф. И.
|4 340
|
| 712 |
0 |
2 |
|a Куйбышевский авиационный институт им. С. П. Королева
|c (1969-1992)
|2 stltpush
|3 (RuTPU)RU\TPU\col\8161
|9 24490
|
| 801 |
|
1 |
|a RU
|b 63413507
|c 20150707
|
| 801 |
|
2 |
|a RU
|b 63413507
|c 20190415
|g RCR
|
| 942 |
|
|
|c BK
|